Dahl Book by Opening Line Quiz Stats

 Plays Quiz Updated Mar 18, 2020

Support Sporcle.
Go Orange.
Score 0/16 Timer 06:00
4 Plays Today
Opening Line Book % Correct
Until he was four years old, James Henry Trotter had a happy lifeJames and the Giant Peach
89.2%
In fairy-tales, witches always wear silly black hats and black cloaksThe Witches
83.2%
The last time we saw Charlie he was riding high above his home townCharlie and the Great Glass Elevator
73.3%
It's a funny thing about mothers and fathersMatilda
72.6%
Sophie couldn't sleepThe BFG
70.5%
These two very old people are the father and mother ofCharlie and the Chocolate Factory
68.1%
What a lot of hairy-faced men there are around nowadaysThe Twits
54.4%
Down in the valley there were three farmsFantastic Mr Fox
52.9%
Opening Line Book % Correct
Mr Hoppy lived in a small flat high up in a tall concrete building.Esio Trot
50.6%
My father, Harald Dahl, was a NorwegianBoy
43.3%
When I was four months old, my mother died suddenlyDanny, the Champion of the World
41.5%
In the biggest, brownest, muddiest river in Africa.The Enormous Crocodile
36.1%
The farm next to ours is owned by Mr and Mrs GreggThe Magic Finger
27.8%
'I'm going shopping in the village,'George's Marvellous Medicine
24.9%
Not far from where I live there is a queer old empty wooden houseThe Giraffe and the Pelly and Me
21%
Little Billy's Mother was always telling him exactly what he was allowed to doMinpins
18.2%

You're not logged in!

Compare scores with friends on all Sporcle quizzes.
OR
Log In

From the Vault

Battlestar Galactica Characters

by PhilSandifer

So say we all...WARNING: Possible spoilers.
Remove Ads.
Support Sporcle.
Get the best of Sporcle when you Go Orange. This ad-free experience offers more features, more stats, and more fun while also helping to support Sporcle. Thank you for becoming a member.

Show Comments

Extras

Top Quizzes Today


Score Distribution

Your Account Isn't Verified!

In order to create a playlist on Sporcle, you need to verify the email address you used during registration. Go to your Sporcle Settings to finish the process.

Report this User

Report this user for behavior that violates our Community Guidelines.

Details: